Channel estimation techniques in mobile OFDM for beyond 3rd generation (B3G) communication systems /
محفوظ في:
| المؤلف الرئيسي: | |
|---|---|
| التنسيق: | أطروحة |
| اللغة: | English |
| منشور في: |
Gombak, Selangor :
Kulliyyah of Engineering, International Islamic University Malaysia,
2007
|
| الموضوعات: | |
| الوصول للمادة أونلاين: | Click here to view 1st 24 pages of the thesis. Members can view fulltext at the specified PCs in the library. |
| الوسوم: |
إضافة وسم
لا توجد وسوم, كن أول من يضع وسما على هذه التسجيلة!
|
| LEADER | 024170000a22004090004500 | ||
|---|---|---|---|
| 001 | 386040 | ||
| 005 | 20091203151400.0 | ||
| 008 | 070703t2007 my a g 000 0 eng d | ||
| 035 | |a (Sirsi) 386040 | ||
| 040 | |a UIAM |b eng | ||
| 043 | |a a-my--- | ||
| 049 | |b m | ||
| 050 | 0 | 0 | |a TK5103.484 |
| 100 | 1 | |a Migdadi, Hassan Saleh Okleh | |
| 245 | 1 | 0 | |a Channel estimation techniques in mobile OFDM for beyond 3rd generation (B3G) communication systems / |c by Hassan Saleh Okleh Migdadi |
| 260 | |a Gombak, Selangor : |b Kulliyyah of Engineering, International Islamic University Malaysia, |c 2007 | ||
| 300 | |a xvi, 114 leaves : |b ill. ; |c 30 cm. | ||
| 500 | |a "A dissertation submitted in partial fulfilment of the requirement for the degree of Master of Science in Computer and Information Engineering." --On t.p. | ||
| 502 | |a Thesis (MSCIE) -- International Islamic University Malaysia, 2007. | ||
| 504 | |a Includes bibliographical references (leaves 109-112). | ||
| 506 | |a Access for fulltext of thesis is provided through digital format. | ||
| 530 | |a Also available on (4 3/4 in.) computer laser optical disc. | ||
| 546 | |a Abstract in English and Arabic. | ||
| 596 | |a 1 | ||
| 650 | 0 | |a Orthogonal frequency division multiplexing | |
| 650 | 0 | |a Orthogonal frequency division multiplexing |v Case studies | |
| 650 | 0 | |a Mobile communication systems | |
| 650 | 0 | |a Wireless communication systems | |
| 690 | 0 | |a Dissertations, Academic |x Kulliyyah of Engineering |z IIUM | |
| 710 | 2 | |a International Islamic University Malaysia. |b Kulliyyah of Engineering | |
| 740 | 0 | |a Channel estimation techniques in mobile OFDM for beyond 3rd generation (B3G) communication systems. (Electronic resource). | |
| 856 | 4 | |u http://studentrepo.iium.edu.my/handle/123456789/4396 |z Click here to view 1st 24 pages of the thesis. Members can view fulltext at the specified PCs in the library. | |
| 900 | |a hj-wss-naw | ||
| 999 | |c 432527 |d 466089 | ||
| 952 | |0 0 |6 LU T TK 5103.484 M634C 2007 |7 0 |8 THESES |9 751924 |a IIUM |b IIUM |c CLOSEACCES |g 0.00 |o lu t TK 5103.484 M634C 2007 |p 00001079685 |r 2017-10-25 |t 1 |v 0.00 |y THESIS | ||
| 952 | |0 0 |6 T TK 5103.484 M634C 2007 |7 0 |8 THESES |9 752598 |a IIUM |b IIUM |c MULTIMEDIA |g 0.00 |o t TK 5103.484 M634C 2007 |p 00011274986 |r 2017-10-20 |t 1 |v 0.00 |y THESIS | ||
| 952 | |0 0 |6 TS CDF TK5103.484M634C 2007 |7 0 |8 THESES |9 828079 |a IIUM |b IIUM |c MULTIMEDIA |g 0.00 |o ts cdf TK5103.484M634C 2007 |p 11100326863 |r 2017-10-26 |t 1 |v 0.00 |y THESISDIG | ||
